Welcome to the Holygrace Academy Library

Please use search bar below to get started

ATHIMARAVUM THATHAYUM (Record no. 7629)

MARC details
000 -LEADER
fixed length control field 00301nam a22001337a 4500
020 ## - INTERNATIONAL STANDARD BOOK NUMBER
ISBN 978-923-83080-69-4
082 ## - DEWEY DECIMAL CLASSIFICATION NUMBER
Classification number 894.812.3
Item number SAC/A
100 ## - MAIN ENTRY--AUTHOR NAME
Personal name KANAGHARAGHAVAN
245 ## - TITLE STATEMENT
Title ATHIMARAVUM THATHAYUM
260 ## - PUBLICATION, DISTRIBUTION, ETC. (IMPRINT)
Place of publication THRISSUR
Name of publisher H & C BOOKS
Year of publication 2022
300 ## - PHYSICAL DESCRIPTION
Number of Pages 48
520 ## - SUMMARY, ETC.
Summary, etc SHORT STORY
942 ## - ADDED ENTRY ELEMENTS (KOHA)
Koha item type Books
Holdings
Withdrawn status Lost status Collection code Home library Current library Shelving location Date acquired Source of acquisition Cost, normal purchase price Full call number Accession Number Koha item type
    Fiction Main Library Main Library NEW SHELF WITH NEW ENTRY 20/11/2023 Purchase 40.00 894.812.3 SAC/A 13378 Books